000
00471nam a2200169Ia 4500
008
090711s9999 xx 000 0 und d
082
_b
234
100
_a
अकोलकर प्रकाश
245
_a
झोत
260
_b
अनुभव प्रकाशन
_c
1997
300
_a
189
600
_a
अकोलकर प्रकाश
630
_a
झोत
700
_a
अकोलकर प्रकाश
730
_a
झोत
942
_c
BOOK
999
_c
324905
_d
324905